{"text_format":"3","workbook":"xls","n_sheets":2,"sheets":["ELX配置","TX配置"],"not_rendered":{"images":12},"read":"whole","date_system":"1900","formulas":"cached_only"}

{"sheet":"ELX配置","index":0,"n_rows":34,"n_cols":10,"rows_kept":34,"merged":[[0,0,0,9],[9,1,9,8],[22,1,22,8],[29,1,29,8],[30,1,30,8],[31,1,31,8],[32,1,32,8],[33,1,33,8]],"flags":["formulas_cached_only"]}
["www.pro001.com 18501635951 陈先生"]
["序号","系统名称","品牌","品牌注册地","型号","主要参数","单位","数量","单价","总价"]
["一、扩声系统"]
[1,"主扩声音箱","EV","美国","ELX215","双15寸全频音箱\n单元：双15”低音单元和1.5”钛震膜高频压缩驱动器\n特点：钛膜压缩驱动；这双低音单元中的一个单元配置提供实时低频冲击力 —— 从这个音箱发出来的声音设计理念是为了达到更高容量的输出和更宽的频率响应。 箱体采用坚固木质结构，支持放在支架上或堆叠超低音箱使用\n参数：\n轴向灵敏度： 96dB\n频率响应（-3dB）： 62Hz-18KHz\n频率响应（-10dB）： 38Hz-20KHz\n最大声压级： 137dB\n功率：600W（连续）\n覆盖角度 水平×垂直（-6dB）： 90°×60°\n分频点： 1.7KHz\n标称阻抗（无源）： 4Ω \n体积（高×宽×深）： 1154 X 432 X 501mm\n净重： 44.1kg","只",4]
[2,"主扩声功放","YYAUDIO","美国","Q1212","功放 2U高 \nH类放大电路,带来更高的电源利用率\n 2x 1200W @ 4 Ohm,\n 2x 1800w @ 2 Ohm\n 2x 750w @ 8 Ohm\n保护防止:  过高频、直流故障、高温、反电动力，峰值限幅器、开动电流限制及延时启动等问题。\n额定功率能在宽动态范围下提供多至30%的音乐讯号峰值余量。\n其动态限幅器保证输出不会超出总谐波失真的1%；\nLPN专利技术,补偿瞬态频率与相位失真,提升表现\n与音箱同一品牌\n输入阻抗：20 kOhm \n尺寸(宽/高/深)：483 mm ×88.1 mm (2U) ×421.5 mm \n重量：17.7 kg ","台",2]
[3,"返送扩声音箱","EV","美国","ELX112","单12寸全频音箱\n单元：12”低音单元和1.5”钛震膜高频压缩驱动器\n特点：钛振膜高音；多功能箱体；箱体采用坚固木质结构，可以采用支架孔安装或堆叠在超低音箱使用\n参数：\n频率响应（-3dB）： 82Hz ~ 18KHz\n频率响应（-10dB）： 55Hz ~ 20KHz\n功率：250W（连续）\n轴向灵敏度： 94dB\n最大声压级： 132dB\n覆盖角度 水平×垂直（-6dB）： 90°×50°\n标称阻抗（无源）： 8Ω \n体积（高×宽×深）： 607×362×340mm\n净重： 15.8kg","只",2]
[4,"返送扩声功放","YYAUDIO","美国","Q66","功放 2U高 \nAB类放大电路,带来极致音质表现\n 2x 600W @ 4 Ohm,\n 2x 900w @ 2 Ohm\n 2x 380w @ 8 Ohm\n保护防止:  过高频、直流故障、高温、反电动力，峰值限幅器、开动电流限制及延时启动等问题。\n额定功率能在宽动态范围下提供多至30%的音乐讯号峰值余量。\n其动态限幅器保证输出不会超出总谐波失真的1%；\nLPN专利技术,补偿瞬态频率与相位失真,提升表现\n尺寸(宽/高/深)：483 mm ×88.1 mm (2U) ×421.5 mm \n重量：14.8","台",1]
[5,"低音音箱","EV","美国","ELX118","单18寸超低音音箱\n单元：EVS-18K,457mm (18”)低音单元\n特点:ELX118特别为配合ELX112和ELX115而优化了设计，ELX118 能有效增加更多，下潜更深的低频冲击力, 箱体采用坚固木质结构，具有支架孔，可堆叠在全频音箱使用.\n参数：轴向灵敏度： 96dB\n频率响应（-3dB）： 50Hz ~ 100Hz\n频率响应（-10dB）： 35Hz ~ 200Hz\n功率：400W（连续）\n最大声压级： 134dB\n覆盖角度 水平×垂直（-6dB）： 全方位\n标称阻抗（无源）： 8Ω \n体积（高×宽×深）： 661 X 507 X 574mm\n净重： 31.8kg","只",2]
[6,"主扩声功放","YYAUDIO","美国","Q1212","功放 2U高 \nH类放大电路,带来更高的电源利用率\n 2x 1200W @ 4 Ohm,\n 2x 1800w @ 2 Ohm\n 2x 750w @ 8 Ohm\n保护防止:  过高频、直流故障、高温、反电动力，峰值限幅器、开动电流限制及延时启动等问题。\n额定功率能在宽动态范围下提供多至30%的音乐讯号峰值余量。\n其动态限幅器保证输出不会超出总谐波失真的1%；\nLPN专利技术,补偿瞬态频率与相位失真,提升表现\n与音箱同一品牌\n输入阻抗：20 kOhm \n尺寸(宽/高/深)：483 mm ×88.1 mm (2U) ×421.5 mm \n重量：17.7 kg ","台",1]
[null,"小计",{"$nulls":7},{"v":0,"d":"0.00"}]
["二、系统控制设备"]
[1,"专业调音台","SOUNDCARFT","英国","MPMI12/2","12路单声道，2组立体声，2编组实况扩声调音台","台",1]
[2,"音频处理器","EV","美国","DC-ONE","2进6出数字信号处理器\n带有分频、均衡、延时、压缩及限幅的功能\n带AES/EBU 数字音频输入接口\nDSP:48 kHz采样 32-Bit 浮点处理\n频率响应：10 Hz-22 kHz (+/- 0.5 dB)\n动态范围：111 dB \n输入通道:9段PEQ+31段GEQ+Delay\n输出通道:Routing+5段PEQ+Xover++Delay+limiter\n具有参数锁定,可禁止重要参数,保证系统和设备的安全\n与功放/音箱同一品牌,内有厂家调试参数,实现最优化设置","台",1]
[3,"监听耳机","AKG","奥地利","K99","大耳筒式现场和录音专用监听耳机","副",1]
[4,"话筒支架","定制","中国","定制","麦克风落地架","付",2]
[5,"无线手持话筒","EV","美国","R300HD","Clearscan™仅使用一键就能找到最清晰的信号通道\nEzsync™红外对频让设置变得简捷无误\nPL22心型动圈话筒让音质更通透\nLCD背光显示，金属耐磨发射器外壳\nTA4腰包连接头，可以连接EV所有领夹和头戴话筒\n2节AA电池，14小时工作时间\n32个预置通道，每8通道一组同时使用\n可拆卸半波长TNC接收机天线，可与APD4+天线分配系统同时使用\n金属接收底盘，配备可选上机架配件和前置天线电缆\n频率响应 ：80 Hz - 18kHz +/- 2dB  \n信噪比（A计权）：>100Db\n动态范围：>95Db\n电源要求 12-16 VDC, 500 mA max  ，与音箱同品牌","套",2]
[6,"无线头戴话筒","EV","美国","R300-E","BP-300是全新的金属腰包发射器，结构坚固紧凑，使用方便。\nBP-300使用两节AA电池，可连续使用14个小时，\n静音功能可保护音频通道，防止噪声干扰，同时射频信号仍保持活跃状态。\nR300系统的接收器可以简易放置于桌面上，也可以装在19\"设备机柜中。\nR300有机柜安装套件和前安装天线电缆可供选择。\n对于一个机架中有4个接收器的情况，单台APD4+天线分配器可提供天线分配和接收器供电。\nClearScan：一键查找可用的最清晰通道；\nEZsync：接收器到发射器之间的红外通道传输，可以轻松设置，避免出错；\n结构坚固的金属腰包机，带背光LCD屏和电池电量表；\n32个预设通道，每8个通道为一个频段，供同时使用；\n腰包发射器带TA4连接头，能连接所有Electro-Voice领夹式和头戴式传声器，可轻松升级，与音箱同品牌","套 ",2]
[7,"DVD机","PIONEER","日本","DV3022","1080高清全高清视频输出，带USB接口，黑色","台",1]
[8,"数字效果器","TC","丹麦","M-350","双引擎数字多功能效果器\n提供15种获奖混响和效果，在24bitS/PDIF数字接口中自动感应电压，\n自适应内置电源，在世界任何地方均可自由安全的使用。\n15种真正立体声混响\n15种神奇效果\n5秒延时\n355预置：256工厂+99用户预置\n双发送/返回和串行方式设置\n抽头节拍\nMIDI输入/输出\nMIDI时间节拍同步\n抽头节拍的脚踏控制和整体直通\n可连接电脑进行调试","台",1]
[9,"8路时序电源","WAKING","中国","AC802","8路电源时序控制，每路延时1秒。\n整机容量30A 。进线采用安全方便的30A端子座。\n每路输出采用万能插座AC220V（13A），适用各种类型插头。\n面板配常开电源座，方便临时用电。\nMCU控制的智能化设计，具有标准RS232 串口控制功能，连接集控系统。\n每通道具有独立的关闭开关。 Bypass开关可强制打开全部通道。\n具有DJ灯电源接口（USB）和DJ灯控制开关。\n面板开关控制，可选钥匙锁。                      \n具有外控 和级联控口.(REM IN 和STATUS OUT)\n","台",2]
[10,"设备机柜","恒星","中国","42U","2000*600*600，带风扇散热。\n选材优异、设计新颖、制造精密、坚固耐用，优质冷轧钢板\n厚度：方孔条1.5mm（27U以下1.2mm）,侧门1.2mm，立柱1.2mm（27U以下0.8mm）,层板1.2mm,钢化玻璃厚度5mm.\n标准机柜、带可锁玻璃门","台",2]
[11,"地插盒","定制",null,null,"VGA+视音频","个",4]
[null,"小计",{"$nulls":7},{"v":0,"d":"0.00"}]
["三、辅材配件"]
[1,"音箱线","天诚","中国","2X1.5平方/2X4平方",null,"米",null,null,{"v":0,"d":"0.00"}]
[2,"电缆线","明通","中国","2X2平方",null,"米",null,null,{"v":0,"d":"0.00"}]
[3,"话筒线","天诚","中国","国标",null,"米",null,null,{"v":0,"d":"0.00"}]
[4,"音箱安装架","订制","中国","国标",null,"付",null,null,{"v":0,"d":"0.00"}]
[5,"专业接插件","订制","中国","国标",null,"批",null,null,{"v":0,"d":"0.00"}]
[null,"小计",{"$nulls":7},{"v":0,"d":"0.00"}]
["四","设备合计：",{"$nulls":7},{"v":0,"d":"0.00"}]
["五","系统施工调试费：2%",{"$nulls":7},{"v":0,"d":"0.00"}]
["六","税金：6%"]
["七","预算总价：",{"$nulls":7},{"v":0,"d":"0.00"}]

{"sheet":"TX配置","index":1,"n_rows":34,"n_cols":12,"rows_kept":34,"merged":[[0,0,0,10],[9,1,9,8],[22,1,22,8],[29,1,29,8],[30,1,30,8],[31,1,31,8],[32,1,32,8],[33,1,33,8]],"flags":["formulas_cached_only"]}
["设备清单"]
["序号","系统名称","品牌","品牌注册地","型号","主要参数","单位","数量","单价","总价","图片"]
["一、扩声系统"]
[1,"主扩声音箱","EV","美国","TX2152","双15寸全频音箱\n单元结构:（LF） 15寸 x 2 + 2寸（HF）\n特点：2寸钛振膜钕磁高音；内置分频网采用6阶36dB/倍频程，带高频保护，以达到更干净的分频效果；“脊柱”设计的面罩；人体工学设计把手和接线板；\n频响范围：（-3dB）55Hz～13kHz\n灵敏度： 103dB\n最大声压级： 139dB\n额定功率： 1000W/ 4Ω\n覆盖角度H×V：60°×40°\n尺寸： H×W×D 1154mm×508mm×471mm \n净重量： 42.8kg","只",4,{"v":13300,"d":"13,300.00"},{"v":53200,"d":"53,200.00"}]
[2,"主扩声功放","LAB.GRUPPEN","瑞典","FP10000Q","四通道功率放大器\n  采用TD类输出级技术，将D类功放的效率与B类功放的纯净的音质融为一体。\n最新一代的R.SMPS™（整流开关电源技术）提升了功率输出的同时降低了体积和重量。\n超级高效的Intercooler，，以达到一致冷却的目的\n可调的增益，每个通道还包括了一个VPL（峰值电压限制）电路，根据不同类型的负载优化输出特性，带网络管理功能\n通道数  4\n所有通道同时驱动下的峰值功率    10000 W\n每通道的最大输出电压   150 V\n最大输出功率 \n16 欧每通道 (所有通道同时驱动)660 W\n8 欧每通道 (所有通道同时驱动) 1300 W\n4 欧每通道 (所有通道同时驱动) 2100 W\n2 欧每通道 (所有通道同时驱动) 2500W\n输入阻抗  20 kOhm \n输出阻抗 @ 100 Hz  56 mOhm \n尺寸(宽/高/深)  483 mm, 88 mm (2U),398 mm 安装深度358mm\n重量  12 kg ","台",1,{"v":26300,"d":"26,300.00"},{"v":26300,"d":"26,300.00"},null,"未税"]
[3,"返送扩声音箱","EV","美国","TX1122FM","单12寸返听音箱\n单元结构:（LF） 12寸 + 1.25寸（HF）\n特点：钛振膜高音；SST信号同步换能器技术、内置分频网采用4阶24dB/倍频程，以达到更干净的分频效果，带高频保护；“脊柱”设计的面罩；人体工学设计把手和接线板；\n频响范围：（-3dB）70Hz～20kHz\n灵敏度 ：99dB\n最大声压级 ：132dB\n额定功率： 500W/8Ω\n覆盖角度 ：H×V：90°×50°\n尺寸 H×W×D：440mm×364mm×573mm\n净重量 ：19.8kg","只",2,{"v":7500,"d":"7,500.00"},{"v":15000,"d":"15,000.00"}]
[4,"返送扩声功放","EV","美国","Q1212","功放 2U高 \nH类放大电路,带来更高的电源利用率\n 2x 1200W @ 4 Ohm,\n 2x 1800w @ 2 Ohm\n 2x 750w @ 8 Ohm\n保护防止:  过高频、直流故障、高温、反电动力，峰值限幅器、开动电流限制及延时启动等问题。\n额定功率能在宽动态范围下提供多至30%的音乐讯号峰值余量。\n其动态限幅器保证输出不会超出总谐波失真的1%；\nLPN专利技术,补偿瞬态频率与相位失真,提升表现\n与音箱同一品牌\n输入阻抗：20 kOhm \n尺寸(宽/高/深)：483 mm ×88.1 mm (2U) ×421.5 mm \n重量：17.7 kg ","台",1,{"v":11060,"d":"11,060.00"},{"v":11060,"d":"11,060.00"}]
[5,"低音音箱","EV","美国","TX2181","双18寸超低音音箱\n频响范围：（-3dB）50Hz～160Hz\n灵敏度：103dB\n最大声压级：138dB\n额定功率：1000W/4Ω\n覆盖角度：全指向\n尺寸 H×W×D：1154mm×508mm×691mm\n净重量 56.1kg","只",2,{"v":12520,"d":"12,520.00"},{"v":25040,"d":"25,040.00"}]
[6,"低音功放","LAB.GRUPPEN","瑞典","FP14000","两通道功率放大器\n 采用TD类输出级技术，将D类功放的效率与B类功放的纯净的音质融为一体。\n最新一代的R.SMPS™（整流开关电源技术）提升了功率输出的同时降低了体积和重量。\n超级高效的Intercooler，，以达到一致冷却的目的\n可调的增益，每个通道还包括了一个VPL（峰值电压限制）电路，根据不同类型的负载优化输出特性，带网络管理功能\n通道数量： 2 \n每通道峰值输出电压： 195V \n全通道工作时峰值总输出： 14000W \n最大输出功率 \n16 欧每通道 (所有通道同时驱动)1200W\n8 欧每通道 (所有通道同时驱动) 2350W\n4 欧每通道 (所有通道同时驱动) 4400W\n2 欧每通道 (所有通道同时驱动) 7000W\n输入阻抗（20Hz ~ 20KHz，平衡）： 20KΩ \n输出阻抗@100Hz ： 56mOhm \n体积（高×宽×深）：   483 mm, 88 mm (2U),398 mm 安装深度358mm \n净重： 12kg","台",1,{"v":25800,"d":"25,800.00"},{"v":25800,"d":"25,800.00"}]
[null,"小计",{"$nulls":7},{"v":156400,"d":"156,400.00"}]
["二、系统控制设备"]
[1,"数字专业调音台","PRESONUS","美国","STUDIOLIVE16.0.2",null,"台",1,{"v":8000,"d":"8,000.00"},{"v":8000,"d":"8,000.00"}]
[2,"音频处理器","EV","美国","DC-ONE","2进6出数字信号处理器\n带有分频、均衡、延时、压缩及限幅的功能\n带AES/EBU 数字音频输入接口\nDSP:48 kHz采样 32-Bit 浮点处理\n频率响应：10 Hz-22 kHz (+/- 0.5 dB)\n动态范围：111 dB \n输入通道:9段PEQ+31段GEQ+Delay\n输出通道:Routing+5段PEQ+Xover++Delay+limiter\n具有参数锁定,可禁止重要参数,保证系统和设备的安全\n与功放/音箱同一品牌,内有厂家调试参数,实现最优化设置","台",1,{"v":5900,"d":"5,900.00"},{"v":5900,"d":"5,900.00"}]
[3,"监听耳机","AKG","奥地利","K99","大耳筒式现场和录音专用监听耳机","副",1,{"v":300,"d":"300.00"},{"v":300,"d":"300.00"}]
[4,"话筒支架","定制","中国","定制","麦克风落地架","付",2,{"v":160,"d":"160.00"},{"v":320,"d":"320.00"}]
[5,"无线手持话筒","EV","美国","R300HD","Clearscan™仅使用一键就能找到最清晰的信号通道\nEzsync™红外对频让设置变得简捷无误\nPL22心型动圈话筒让音质更通透\nLCD背光显示，金属耐磨发射器外壳\nTA4腰包连接头，可以连接EV所有领夹和头戴话筒\n2节AA电池，14小时工作时间\n32个预置通道，每8通道一组同时使用\n可拆卸半波长TNC接收机天线，可与APD4+天线分配系统同时使用\n金属接收底盘，配备可选上机架配件和前置天线电缆\n频率响应 ：80 Hz - 18kHz +/- 2dB  \n信噪比（A计权）：>100Db\n动态范围：>95Db\n电源要求 12-16 VDC, 500 mA max  ，与音箱同品牌","套",2,{"v":1975,"d":"1,975.00"},{"v":3950,"d":"3,950.00"}]
[6,"无线头戴话筒","EV","美国","R300-E","BP-300是全新的金属腰包发射器，结构坚固紧凑，使用方便。\nBP-300使用两节AA电池，可连续使用14个小时，\n静音功能可保护音频通道，防止噪声干扰，同时射频信号仍保持活跃状态。\nR300系统的接收器可以简易放置于桌面上，也可以装在19\"设备机柜中。\nR300有机柜安装套件和前安装天线电缆可供选择。\n对于一个机架中有4个接收器的情况，单台APD4+天线分配器可提供天线分配和接收器供电。\nClearScan：一键查找可用的最清晰通道；\nEZsync：接收器到发射器之间的红外通道传输，可以轻松设置，避免出错；\n结构坚固的金属腰包机，带背光LCD屏和电池电量表；\n32个预设通道，每8个通道为一个频段，供同时使用；\n腰包发射器带TA4连接头，能连接所有Electro-Voice领夹式和头戴式传声器，可轻松升级，与音箱同品牌","套 ",2,{"v":2150,"d":"2,150.00"},{"v":4300,"d":"4,300.00"}]
[7,"DVD机","PIONEER","日本","DV3022","1080高清全高清视频输出，带USB接口，黑色","台",1,{"v":350,"d":"350.00"},{"v":350,"d":"350.00"}]
[8,"数字效果器","TC","丹麦","M-ONE XL","数字多功能效果器\n25种拍案叫绝的TC效果库，XL混响、和声、颤音、移调、延时动态和更多处理效果\nXLR接口，平衡/非平衡连接器-双输入/输出模拟机型的用户接口\n预置：200个工厂程序/100个用户程序\n“双引擎”设计\n24bit A/D D/A转换器\n数字输入输出类型 RCA（S/PDIF），44.1～48kHz\n24bit内部处理 ","台",1,{"v":3300,"d":"3,300.00"},{"v":3300,"d":"3,300.00"}]
[9,"8路时序电源","WAKING","中国","AC802","8路电源时序控制，每路延时1秒。\n整机容量30A 。进线采用安全方便的30A端子座。\n每路输出采用万能插座AC220V（13A），适用各种类型插头。\n面板配常开电源座，方便临时用电。\nMCU控制的智能化设计，具有标准RS232 串口控制功能，连接集控系统。\n每通道具有独立的关闭开关。 Bypass开关可强制打开全部通道。\n具有DJ灯电源接口（USB）和DJ灯控制开关。\n面板开关控制，可选钥匙锁。                      \n具有外控 和级联控口.(REM IN 和STATUS OUT)\n","台",2,{"v":800,"d":"800.00"},{"v":1600,"d":"1,600.00"}]
[10,"设备机柜","恒星","中国","42U","2000*600*600，带风扇散热。\n选材优异、设计新颖、制造精密、坚固耐用，优质冷轧钢板\n厚度：方孔条1.5mm（27U以下1.2mm）,侧门1.2mm，立柱1.2mm（27U以下0.8mm）,层板1.2mm,钢化玻璃厚度5mm.\n标准机柜、带可锁玻璃门","台",2,{"v":1300,"d":"1,300.00"},{"v":2600,"d":"2,600.00"}]
[11,"地插盒","定制",null,null,"VGA+视音频","个",4,{"v":40,"d":"40.00"},{"v":160,"d":"160.00"}]
[null,"小计",{"$nulls":7},{"v":30780,"d":"30,780.00"}]
["三、辅材配件"]
[1,"音箱线","天诚","中国","2X1.5平方/2X4平方",null,"米",null,null,{"v":0,"d":"0.00"}]
[2,"电缆线","明通","中国","2X2平方",null,"米",null,null,{"v":0,"d":"0.00"}]
[3,"话筒线","天诚","中国","国标",null,"米",null,null,{"v":0,"d":"0.00"}]
[4,"音箱安装架","订制","中国","国标",null,"付",null,null,{"v":0,"d":"0.00"}]
[5,"专业接插件","订制","中国","国标",null,"批",null,null,{"v":0,"d":"0.00"}]
[null,"小计",{"$nulls":7},{"v":0,"d":"0.00"}]
["四","设备合计：",{"$nulls":7},{"v":187180,"d":"187,180.00"}]
["五","系统施工调试费：2%",{"$nulls":7},{"v":3743.6,"d":"3,743.60"}]
["六","税金：6%"]
[null,"预算总价：",{"$nulls":7},{"v":190923.6,"d":"190,923.60"}]